Surnom des Equipes de Ligue 1 Saison 25/26 - Statistiques

Statistiques générales
  • Ce quiz a été pris 89 fois
  • Le résultat moyen est 7 sur 18
Statistiques - réponses
Equipe Surnom % Correct
Nantes Canaris
74%
Lille Dogues
68%
Lens Sang et Or
64%
OGC Nice Aiglons
61%
Lyon Gones
61%
Lorient Merlus
60%
Paris Saint Germain Parisiens
54%
Paris Fc Parisiens
54%
Olympique de Marseille Phocéens
44%
Toulouse Violets / Pitchouns
35%
Fc Metz Grenats
31%
Rennes Rouges et Noir
23%
Brest Pirates / Ti Zefs
21%
AS Monaco Princes / Hommes du Rocher
8%
Angers Scoistes
5%
Le Havre Hacmen
4%
Auxerre Ajaistes
1%
Strasbourg Racingmen
1%
Aucun quiz correspondant
Distribution des résultats
% des personnes avec chaque résultat
Percentile par nombre de réponses
Votre historique - résultats
Vous n’avez pas pris ce quiz